Estatísticas para Países em que o Natal não é feriado

Clique aqui para jogar o quiz

Estatísticas Gerais

  • Esse quiz foi jogado 41 vezes
  • A pontuação média é 30 de 43

Estatísticas das Respostas

StatusPaís% Correto
Não é feriado
(Exceto Hong Kong
e Macau)
China
97%
Não é feriadoIrã
92%
Não é feriadoArábia Saudita
89%
Não é feriadoEgito
89%
Não é feriadoJapão
89%
Não é feriadoCatar
87%
Não é feriadoMarrocos
84%
Não é feriadoOmã
84%
Outro feriadoPaquistão
84%
Não é feriadoAfeganistão
82%
Não é feriadoArgélia
82%
Não é feriadoCazaquistão
82%
Não é feriadoCoreia do Norte
82%
Não é feriadoNepal
82%
Não é feriadoVietnã
82%
Não é feriadoAzerbaijão
79%
Não é feriadoMongólia
79%
Não é feriadoUzbequistão
79%
Não é feriadoIêmen
76%
Não é feriadoIsrael
76%
Não é feriadoTailândia
76%
Não é feriadoTunísia
76%
Não é feriadoRússia
74%
Não é feriadoTurcomenistão
74%
Não é feriadoLíbia
71%
Não é feriadoQuirguistão
71%
Não é feriadoBahrein
68%
Não é feriadoCamboja
68%
Não é feriadoLaos
68%
Não é feriadoTurquia
68%
Não é feriadoKuwait
66%
Não é feriadoSomália
66%
Não é feriadoEmirados Árabes
63%
Não é feriadoEtiópia
63%
Não é feriadoTaiwan
58%
Não é feriadoMaldivas
55%
Não é feriadoMauritânia
53%
Não é feriadoDjibuti
37%
Não é feriadoBósnia e Herzegovina
24%
Não é feriadoSérvia
24%
Não é feriadoTadjiquistão
24%
Não é feriadoMontenegro
21%
Não é feriadoMacedônia do Norte
18%

Distribuição das Pontuações

Percentil de Números Respondidos

Porcentagem de Pessoas com Cada Pontuação

Sua Pontuação Histórica

Você não jogou esse quiz